More 2-Word TV Shows Quiz Stats

Quiz Updated Jun 5, 2015

Also try: 2-Word TV Shows
Challenge
Share
Tweet
Score 0/20 Timer 06:00
3 Plays Today
Hint Answer % Correct
Star Trek
97.9%
Blue's Clues
85.7%
30 Rock
85.6%
Family Feud
84.5%
Jersey Shore
82.2%
New Girl
80%
Desperate Housewives
78.5%
Cougar Town
73.9%
Dawson's Creek
73.9%
Miami Vice
71.2%
Hint Answer % Correct
Three's Company
70.8%
Dexter's Laboratory
67.1%
Hey Arnold!
65.3%
Diff'rent Strokes
59.9%
Criminal Minds
51.4%
7th Heaven
49.5%
Reading Rainbow
49.3%
Gossip Girl
46.2%
Orphan Black
29.6%
Cowboy Bebop
7.9%

You're not logged in!

Compare scores with friends on all Sporcle quizzes.
Join for Free
OR
Log In

You Might Also Like...

Show Comments

Extras

Top Quizzes Today


Score Distribution

Your Account Isn't Verified!

In order to create a playlist on Sporcle, you need to verify the email address you used during registration. Go to your Sporcle Settings to finish the process.

Report this User

Report this user for behavior that violates our Community Guidelines.

Details: